000 00739pam a2200217 a 4500
020 _a0122829700 (acidfree)
082 0 0 _a512.5
_bGIL
_cL-38, P-183
100 1 _aGilbert, Jimmie,
_939123
245 1 0 _aLinear algebra and matrix theory /
_cJimmie Gilbert, Linda Gilbert.
260 _aSan Diego :
_bAcademic Press,
_cc1995.
300 _ax, 394 p. :
_bill. ;
_c25 cm.
500 _aIncludes index.
526 _a0
_b0
_c0
_d512_500000000000000_GIL
650 0 _aAlgebras, Linear.
_910720
650 0 _aMatrices.
_92986
650 0 _aMCE
_9379
700 1 _aGilbert, Linda,
_939124
856 4 1 _uhttp://www.loc.gov/catdir/toc/els032/94038932.html
856 4 2 _uhttp://www.loc.gov/catdir/description/els032/94038932.html
942 _2ddc
_cBK
999 _c543669
_d543669